000 00373 a2200121 4500
000 nam a22 7a 4500
005 20260310104437.0
020 _a9781470471064
100 _aKenji Fukaya
_91131476
245 _aExponential Decay Estimates and Smoothness of the Moduli Space of Pseudoholomorphic Curves
260 _bAmerican Mathematical Society
_c2024
942 _cTEXL
999 _c1715015
_d1715015